Pohyb obyvateľstva v okresoch SR v 1. polroku 1992

Na minha lista:
Detalhes bibliográficos
Formato: Livro
Idioma:eslovaco
Publicado em: Bratislava Slovenský štatistický úrad 1992
Colecção:Štatistické čísla a grafy
Tags: Adicionar Tag
Sem tags, seja o primeiro a adicionar uma tag!

MARC

LEADER 00000nam a2200000 4500
001 c021711
005 20260122094613.5
041 0 |a slo 
044 |a SK 
245 1 0 |a Pohyb obyvateľstva v okresoch SR v 1. polroku 1992 
264 1 |a Bratislava  |b Slovenský štatistický úrad  |c 1992 
300 |a [88] s. 
490 1 |a Štatistické čísla a grafy 
830 0 |a Štatistické čísla a grafy